Soil chemistry / (Record no. 3560)
[ view plain ]
| 000 -LEADER | |
|---|---|
| fixed length control field | 01013cam a22002774a 4500 |
| 001 - CONTROL NUMBER | |
| control field | BD-DhSAU 3560 |
| 003 - CONTROL NUMBER IDENTIFIER | |
| control field | BD-DhSAU |
| 005 - DATE AND TIME OF LATEST TRANSACTION | |
| control field | 20150208122813.0 |
| 008 - FIXED-LENGTH DATA ELEMENTS--GENERAL INFORMATION | |
| fixed length control field | 010227s2001 nyu b 001 0 eng |
| 020 ## - INTERNATIONAL STANDARD BOOK NUMBER | |
| International Standard Book Number | 0471363391 (cloth : alk. paper) |
| 040 ## - CATALOGING SOURCE | |
| Original cataloging agency | BD-DhSAU |
| 082 00 - DEWEY DECIMAL CLASSIFICATION NUMBER | |
| Classification number | 631.41 |
| Edition number | 22 |
| Item number | BOS |
| 100 1# - MAIN ENTRY--PERSONAL NAME | |
| Personal name | Bohn, Hinrich L., |
| 245 10 - TITLE STATEMENT | |
| Title | Soil chemistry / |
| Statement of responsibility, etc. | Hinrich L. Bohm, Brian L. McNeal, George A. O'Connor. |
| 250 ## - EDITION STATEMENT | |
| Edition statement | 3rd ed. |
| 260 ## - PUBLICATION, DISTRIBUTION, ETC. (IMPRINT) | |
| Place of publication, distribution, etc. | New York : |
| Name of publisher, distributor, etc. | Wiley , |
| Date of publication, distribution, etc. | c2001. |
| 300 ## - PHYSICAL DESCRIPTION | |
| Extent | xi, 307 p. : |
| Other physical details | ill. ; |
| Dimensions | 24 cm. |
| 504 ## - BIBLIOGRAPHY, ETC. NOTE | |
| Bibliography, etc | Includes bibliographical references and index |
| 590 ## - Name of Cataloguer | |
| Name of Cataloger | IMRAN |
| 650 #0 - SUBJECT ADDED ENTRY--TOPICAL TERM | |
| Topical term or geographic name as entry element | Soil chemistry. |
| 700 1# - ADDED ENTRY--PERSONAL NAME | |
| Personal name | McNeal, Brian Lester, |
| 700 1# - ADDED ENTRY--PERSONAL NAME | |
| Personal name | O'Connor, George A., |
| 856 42 - ELECTRONIC LOCATION AND ACCESS | |
| Uniform Resource Identifier | <a href="http://www.loc.gov/catdir/bios/wiley043/2001017914.html">http://www.loc.gov/catdir/bios/wiley043/2001017914.html</a> |
| 856 42 - ELECTRONIC LOCATION AND ACCESS | |
| Uniform Resource Identifier | <a href="http://www.loc.gov/catdir/description/wiley036/2001017914.html">http://www.loc.gov/catdir/description/wiley036/2001017914.html</a> |
| 856 4# - ELECTRONIC LOCATION AND ACCESS | |
| Uniform Resource Identifier | <a href="http://www.loc.gov/catdir/toc/onix07/2001017914.html">http://www.loc.gov/catdir/toc/onix07/2001017914.html</a> |
| 942 ## - ADDED ENTRY ELEMENTS (KOHA) | |
| Source of classification or shelving scheme | Dewey Decimal Classification |
| Koha item type | Book |
| Withdrawn status | Lost status | Source of classification or shelving scheme | Damaged status | Not for loan | Home library | Branch Name | Shelving location | Date acquired | Total Checkouts | Full call number | Barcode | Date last seen | Date checked out | Price effective from | Koha item type | Collection code |
|---|---|---|---|---|---|---|---|---|---|---|---|---|---|---|---|---|
| Dewey Decimal Classification | SAU Library | SAU Library | General Stacks | 01/10/2007 | 1 | 631.41 BOS | 32695 | 06/01/2025 | 26/11/2024 | 08/02/2015 | Book | |||||
| Dewey Decimal Classification | SAU Library | SAU Library | General Stacks | 01/10/2007 | 1 | 631.41 BOS | 32693 | 05/07/2017 | 05/04/2017 | 08/02/2015 | Book | |||||
| Dewey Decimal Classification | Not For Loan | SAU Library | SAU Library | Reference | 01/10/2007 | 631.41 BOS | 32691 | 12/04/2015 | 12/04/2015 | Book | Reference | |||||
| Dewey Decimal Classification | SAU Library | SAU Library | General Stacks | 01/10/2007 | 1 | 631.41 BOS | 32694 | 25/02/2024 | 04/02/2024 | 25/06/2015 | Book |
